000 00597nam a22001817a 4500
003 OSt
005 20260128063433.0
008 260128b |||||||| |||| 00| 0 eng d
020 _a0-8109-6159-8.
040 _aDWC-Main lib.
_cOC
082 _aCirc. 720.28 R272d 1996
100 _aReich, Lilly
245 _aLilly Reich, designer and architect/
_cLilly Reich
260 _aNew York:
_bThe Museum of Modern Art : distributed by H.N. Abrams,
_c c1996.
300 _a64 p. :
_b illustration ;
_c23 cm.
650 _aReich, Lilly, 1885-1947 - Exhibitions.
942 _2ddc
_cBK-CIRC
_hCirc.
_n0
999 _c7905
_d7905